|
|
|
|
| LEADER |
00000cam a2200000 7i4500 |
| 001 |
0000036078 |
| 005 |
20130603.0 |
| 008 |
130603 |
| 020 |
|
|
|a 9673660568
|
| 090 |
0 |
0 |
|a 297.57
|b ZUL
|
| 100 |
0 |
|
|a Zulkarnain Dollah
|
| 245 |
1 |
0 |
|a Amalan meraih ganjaran pahala
|c Zulkarnain Dollah
|
| 260 |
|
|
|a Selangor :
|b PTS Islamika Sdn. Bhd ,
|c 2011
|
| 650 |
|
0 |
|a Islam
|x Customs & practices
|
| 650 |
|
0 |
|a Religious life
|x Islam
|
| 999 |
|
|
|a 0001179623
|b Book
|c Adult Collection
|e Cawangan Bandar Tenggara
|
| 999 |
|
|
|a 0001179624
|b Book
|c Adult Collection
|e Cawangan Mersing
|
| 999 |
|
|
|a 0001179625
|b Book
|c Adult Collection
|e Cawangan Muar
|
| 999 |
|
|
|a 0001179629
|b Book
|c Adult Collection
|e Cawangan Pontian
|
| 999 |
|
|
|a 0001179636
|b Book
|c Adult Collection
|e Perbadanan Perpustakaan Awam Johor
|
| 999 |
|
|
|a 0001179834
|b Book
|c Adult Collection
|e Cawangan Bukit Gambir
|
| 999 |
|
|
|a 0001262008
|b Book
|c Adult Collection
|e Perbadanan Perpustakaan Awam Johor
|